Score 0/18 Timer 04:00
1 Play Today
Scramble Movie % Correct
ARNRan
99.7%
DYRURudy
92.8%
LOWBBlow
89.2%
STOHGGhost
86.2%
COOPROBRoboCop
69.6%
CFIFRATTraffic
67.3%
CEUIJELTEEBBeetlejuice
62.6%
TATNHANMAManhattan
57.7%
TERSWTITwister
56.7%
Scramble Movie % Correct
TORDIALAGGladiator
55.7%
LABIHANNHannibal
55.5%
SINLMREGGremlins
47.9%
AIBPHOHONCARAArachnophobia
46.7%
SLEGNISSingles
45%
DDONEGAMRAArmageddon
43.1%
TEUKLKlute
40.9%
GINTOTSPINARTTrainspotting
24.7%
LISOOPREMTMetropolis
15.1%

You're not logged in!

Compare scores with friends on all Sporcle quizzes.
OR
Log In

Sporcle TV

Today on Sporcle TV


Watch our educational content, quiz creation guides, and fun videos on Sporcle TV.

Show Comments

Extras

Top Quizzes Today


Score Distribution

Paid Content

Your Account Isn't Verified!

In order to create a playlist on Sporcle, you need to verify the email address you used during registration. Go to your Sporcle Settings to finish the process.

Report this User

Report this user for behavior that violates our Community Guidelines.

Details: